Statistics for Countries With The Most Proven Oil Reserves

Click here to take the quiz!

General Stats

  • This quiz has been taken 37 times
  • The average score is 13 of 15

Answer Stats

Oil Reserves (Barrels)Country% Correct
143,069,000,000Iraq
100%
170,863,000,000Canada
97%
157,530,000,000Iran
97%
80,000,000,000Russia
97%
266,578,000,000Saudi Arabia
97%
97,800,000,000United Arab Emirates
97%
35,230,000,000United States
97%
25,244,000,000Qatar
94%
299,953,000,000Venezuela
94%
25,132,122,000China
91%
101,500,000,000Kuwait
91%
16,184,100,000Brazil
88%
37,070,000,000Nigeria
68%
30,000,000,000Kazakhstan
65%
48,363,000,000Libya
59%

Score Distribution

Percentile by Number Answered

Percent of People with Each Score

Your Score History

You have not taken this quiz